00346pab a2200133 454500008004000000100001700040245005100057260000900108300001500117362001200132650001800144700001700162773003300179180718b2007 xxu||||| |||| 00| 0 eng d aBernier, Luc aThe changing nature of public entrepreneurship c2007 ap.488-503. aMay-Jun aEntrepreneurs aHafsi, Taieb aPublic Administration Review